Pokemon 3ème génération (images) - Statistiques

Statistiques générales
  • Ce quiz a été pris 753 fois
  • Le résultat moyen est 93 sur 138
Statistiques - réponses
Par images Réponse % Correct
Poussifeu
96%
Gobou
91%
Arcko
90%
Gardevoir
89%
Braségali
88%
Tarsal
86%
Négapi
85%
Posipi
85%
Groudon
84%
Zigzaton
84%
Chenipotte
83%
Kyogre
83%
Latias
82%
Latios
82%
Absol
81%
Rayquaza
81%
Ténéfix
81%
Wailord
81%
Galekid
80%
Galifeu
80%
Jungko
80%
Galeking
79%
Kirlia
79%
Nirondelle
79%
Bekipan
78%
Massko
78%
Medhyèna
78%
Rosélia
78%
Skitty
78%
Solaroc
78%
Wailmer
77%
Deoxys
76%
Drattak
76%
Dynavolt
76%
Regirock
76%
Registeel
76%
Goélise
75%
Jirachi
75%
Nénupiot
75%
Laggron
74%
Sharpedo
74%
Chuchmur
73%
Kraknoix
73%
Regice
73%
Tarinor
73%
Barpau
72%
Branette
72%
Galegon
72%
Grahyèna
72%
Mangriff
72%
Métalosse
72%
Milobellus
72%
Parecool
72%
Spoink
72%
Altaria
71%
Balignon
71%
Camérupt
71%
Draby
71%
Elecsprint
71%
Libégon
71%
Morphéo
71%
Azurill
70%
Meditikka
70%
Séviper
70%
Cacnéa
69%
Lovdisc
69%
Ludicolo
69%
Monaflèmit
69%
Obalie
69%
Arakdo
68%
Gloupti
68%
Hélédelle
68%
Linéon
68%
Stalgamin
68%
Armulys
67%
Cacturne
67%
Chartor
67%
Delcatty
67%
Ecrapince
67%
Lombre
67%
Pifeuil
67%
Tengalice
67%
Grainipiot
66%
Munja
66%
Skelénox
66%
Barbicha
65%
Brouhabam
65%
Chapignon
65%
Charmillon
65%
Flobio
65%
Polichombr
65%
Séléroc
65%
Avaltout
64%
Blindalys
64%
Kaimorse
64%
Métang
64%
Oniglali
64%
Terhal
64%
Tropius
64%
Ninjask
63%
Papinox
63%
Spinda
63%
Mysdibule
62%
Tylton
62%
Charmina
61%
Coquiperl
61%
Okéoké
60%
Carvanha
59%
Chamallot
59%
Vigoroth
59%
Balbuto
58%
Ramboum
57%
Relicanth
57%
Makuhita
56%
Phogleur
56%
Téraclope
56%
Eoko
55%
Hariyama
55%
Ningale
55%
Groret
54%
Kaorine
53%
Kecleon
53%
Lilia
53%
Vibraninf
53%
Barloche
52%
Lumivole
52%
Maskadra
51%
Drackhaus
50%
Muciole
50%
Colhomard
49%
Armaldo
47%
Serpang
47%
Anorith
41%
Rosabyss
39%
Vacilys
39%
Morphéo (Forme solaire)
17%
Morphéo (Forme blizzard)
16%
Morphéo (Forme eau de pluie)
16%
Aucun quiz correspondant
Distribution des résultats
% des personnes avec chaque résultat
Percentile par nombre de réponses
Votre historique - résultats
Vous n’avez pas pris ce quiz